| 000 | 00392cam a2200157ua 4500 | ||
|---|---|---|---|
| 005 | 20220726114833.0 | ||
| 008 | 121211n1982 II |||gr||||Z||||||asm | ||
| 040 |
_aMAIN _cOCLC |
||
| 082 | _a891.451 GOH | ||
| 100 | _aGOHAIN , HIREN. | ||
| 245 | _aSAINIK SILPI BISHNU RABHA | ||
| 260 |
_aNALBARI _bJOURNAL EMPORIUM _c1982 |
||
| 300 | _a203. | ||
| 653 | _aASSAMESE LITERATURE | ||
| 942 |
_cBK _2ddc |
||
| 999 |
_c6823 _d6823 |
||